00614nam a2200193Ia 4500952013100000999001700131003000400148005001700152008004100169020001500210040000900225082002200234100002500256245003500281260003200316300000900348650001300357942005000370 00102ddc40708SSaMESbMEScMALd2019-02-20g38.00l0o894.812301 PAD/Np24496r2019-02-20 00:00:00w2019-02-20yBKzGR30R3 c27888d27888OSt20201231125020.0190216s9999||||xx |||||||||||||| ||und|| a8171302335 coclc a894.812301bPAD/N aPadmanabhan, T97032 0aNalinakaanthi /cT Padmanabhan bDc Books,aKottayam:c2000. a107p aKathakal cBK2ddch894.812301iPAD/Nk894.812301mPAD/N